A university course in practical phonetics. (Record no. 22527)
[ view plain ]
| 000 -LEADER | |
|---|---|
| fixed length control field | 01132nam a22003255a 4500 |
| 003 - CONTROL NUMBER IDENTIFIER | |
| control field | EG-ScBUE |
| 005 - DATE AND TIME OF LATEST TRANSACTION | |
| control field | 20220426124627.0 |
| 006 - FIXED-LENGTH DATA ELEMENTS--ADDITIONAL MATERIAL CHARACTERISTICS--GENERAL INFORMATION | |
| fixed length control field | m||||fq||h 00| 0 |
| 008 - FIXED-LENGTH DATA ELEMENTS--GENERAL INFORMATION | |
| fixed length control field | 161012k19811997ua f 000 0 eng d |
| 020 ## - INTERNATIONAL STANDARD BOOK NUMBER | |
| International Standard Book Number | 9771607006 (VOL. 1) |
| 020 ## - INTERNATIONAL STANDARD BOOK NUMBER | |
| International Standard Book Number | 9789771607007 (VOL. 1) |
| 020 ## - INTERNATIONAL STANDARD BOOK NUMBER | |
| International Standard Book Number | 9789771607014 (VOL. 2) |
| 020 ## - INTERNATIONAL STANDARD BOOK NUMBER | |
| International Standard Book Number | 9771607014 (VOL. 2) |
| 040 ## - CATALOGING SOURCE | |
| Original cataloging agency | EG-ScBUE |
| Language of cataloging | eng |
| Description conventions | rda |
| Transcribing agency | EG-ScBUE |
| Modifying agency | EG-ScBUE |
| 082 04 - DEWEY DECIMAL CLASSIFICATION NUMBER | |
| Classification number | 414.0711 |
| Item number | UNI |
| Edition number | 22 |
| 245 02 - TITLE STATEMENT | |
| Title | A university course in practical phonetics. |
| 250 ## - EDITION STATEMENT | |
| Edition statement | Revised edition. |
| 264 #1 - PUBLICATION, DISTRIBUTION, ETC. (IMPRINT) | |
| Place of publication, distribution, etc | Cairo : |
| Name of publisher, distributor, etc | Egyptian International Publishing Company, |
| Date of publication, distribution, etc | [1981-1997] |
| 300 ## - PHYSICAL DESCRIPTION | |
| Extent | 2 volumes : |
| Other physical details | illustrations ; |
| Dimensions | 24 cm + |
| Accompanying material | 2 CD |
| 336 ## - CONTENT TYPE | |
| Source | rdacontent |
| Content type term | text |
| Content type code | txt |
| 337 ## - MEDIA TYPE | |
| Source | rdamedia |
| Media type term | unmediated |
| Media type code | n |
| 338 ## - CARRIER TYPE | |
| Source | rdacarrier |
| Carrier type term | volume |
| Carrier type code | nc |
| 505 0# - FORMATTED CONTENTS NOTE | |
| Formatted contents note | Book. 1. Consonants vowels and diphthongs -- Book. 2. Intonation. |
| 650 #7 - SUBJECT ADDED ENTRY--TOPICAL TERM | |
| Topical term or geographic name as entry element | English language |
| General subdivision | Phonetics. |
| Source of heading or term | BUEsh |
| 9 (RLIN) | 36076 |
| 650 #7 - SUBJECT ADDED ENTRY--TOPICAL TERM | |
| Topical term or geographic name as entry element | English language |
| General subdivision | Phonetics |
| -- | Study and teaching (Higher) |
| Source of heading or term | BUEsh |
| 651 ## - SUBJECT ADDED ENTRY--GEOGRAPHIC NAME | |
| Source of heading or term | BUEsh |
| 653 ## - INDEX TERM--UNCONTROLLED | |
| Resource For college | Humanities: English |
| Arrived date list | October2016 |
| -- | October2018 |
| 655 ## - INDEX TERM--GENRE/FORM | |
| Form subdivision | Reading book |
| 9 (RLIN) | 34232 |
| 942 ## - ADDED ENTRY ELEMENTS (KOHA) | |
| Source of classification or shelving scheme | Dewey Decimal Classification |
| Koha item type | Book - Borrowing |
| Withdrawn status | Lost status | Source of classification or shelving scheme | Damaged status | Not for loan | Collection code | Home library | Current library | Shelving location | Date acquired | Source of acquisition | Cost, normal purchase price | Serial Enumeration / chronology | Total Checkouts | Full call number | Barcode | Date last seen | Cost, replacement price | Koha item type | Public note | Price effective from | Checked out | Date checked out | Total Renewals |
|---|---|---|---|---|---|---|---|---|---|---|---|---|---|---|---|---|---|---|---|---|---|---|---|
| Dewey Decimal Classification | Baccah | Central Library | Central Library | Second Floor | 12/10/2016 | Purchase | 36.00 | 25868 | 414 UNI | 000033987 | 15/07/2025 | 45.00 | Book - Borrowing | VOL. 2. | |||||||||
| Dewey Decimal Classification | Baccah | Central Library | Central Library | Second Floor | 12/10/2016 | Purchase | 36.00 | 25868 | 414 UNI | 000033988 | 24/08/2022 | 45.00 | CD | DVD - With book | CD. 2. | |||||||||
| Dewey Decimal Classification | Baccah | Central Library | Central Library | Second Floor | 12/10/2016 | Purchase | 36.00 | 25868 | 414 UNI | 000033991 | 15/07/2025 | 45.00 | Book - Borrowing | VOL. 1. | |||||||||
| Dewey Decimal Classification | Baccah | Central Library | Central Library | Second Floor | 12/10/2016 | Purchase | 36.00 | 25868 | 414 UNI | 000033989 | 24/08/2022 | 45.00 | CD | DVD - With book | CD. 1. | 12/10/2016 | ||||||||
| Dewey Decimal Classification | Baccah | Central Library | Central Library | Second Floor | 15/10/2018 | Purchase | 120.00 | 1 | 414.0711 UNI | 000043617 | 06/02/2023 | Book - Borrowing | VOL. 1. | 08/03/2023 | 06/02/2023 | ||||||||
| Dewey Decimal Classification | Baccah | Central Library | Central Library | Second Floor | 15/10/2018 | Purchase | 120.00 | 1 | 414.0711 UNI | 000043618 | 24/08/2022 | CD | DVD - With book | CD. 1. | 13/11/2018 | 2 | ||||||||
| Dewey Decimal Classification | Baccah | Central Library | Central Library | Second Floor | 15/10/2018 | Purchase | 120.00 | 414.0711 UNI | 000043619 | 15/07/2025 | NB - Book (Non borrowing) | VOL. 1. | |||||||||||
| Dewey Decimal Classification | Baccah | Central Library | Central Library | Second Floor | 15/10/2018 | Purchase | 120.00 | 414.0711 UNI | 000043620 | 24/08/2022 | CD | DVD - With book | CD. 1. | |||||||||||
| Dewey Decimal Classification | Baccah | Central Library | Central Library | Second Floor | 15/10/2018 | Purchase | 120.00 | 414.0711 UNI | 000043621 | 15/07/2025 | NB - Book (Non borrowing) | VOL. 2. | |||||||||||
| Dewey Decimal Classification | Baccah | Central Library | Central Library | Second Floor | 15/10/2018 | Purchase | 120.00 | 1 | 414.0711 UNI | 000043622 | 24/08/2022 | CD | DVD - With book | CD. 2. | 13/11/2018 | 2 | ||||||||
| Dewey Decimal Classification | Baccah | Central Library | Central Library | Second Floor | 15/10/2018 | Purchase | 120.00 | 414.0711 UNI | 000043623 | 15/07/2025 | Book - Borrowing | VOL. 2. | |||||||||||
| Dewey Decimal Classification | Baccah | Central Library | Central Library | Second Floor | 15/10/2018 | Purchase | 120.00 | 414.0711 UNI | 000043624 | 24/08/2022 | CD | DVD - With book (NB) | CD. 2. |